Normal view
MARC view
Entry Topical Term
001 - CONTROL NUMBER
- control field: 3690
003 - CONTROL NUMBER IDENTIFIER
- control field: ARRUPE
005 - DATE AND TIME OF LATEST TRANSACTION
- control field: 20131122173105.0
008 - FIXED-LENGTH DATA ELEMENTS
- fixed length control field: 131122|| aca||aabn | a|a d
040 ## - CATALOGING SOURCE
- Original cataloging agency: ARRUPE
- Transcribing agency: ARRUPE
150 ## - HEADING--TOPICAL TERM
- Topical term or geographic name as entry element: Zimbabwe
- General subdivision: Politics
670 ## - SOURCE DATA FOUND
- Source citation: Work cat.: (ARRUPE)118644: Leys, Colin 3684, European politics in Southern Rhodesia, 1959